<?xml version="1.0" encoding="UTF-8"?>
<record
    xmlns:xsi="http://www.w3.org/2001/XMLSchema-instance"
    xsi:schemaLocation="http://www.loc.gov/MARC21/slim http://www.loc.gov/standards/marcxml/schema/MARC21slim.xsd"
    xmlns="http://www.loc.gov/MARC21/slim">

  <leader>00350    a2200109   4500</leader>
  <controlfield tag="001">ART_13524</controlfield>
  <controlfield tag="005">20260410161910.0</controlfield>
  <controlfield tag="008">260409a                                 </controlfield>
  <datafield tag="245" ind1="1" ind2="0">
    <subfield code="a">Algunos aspectos te&#xF3;ricos sobre la distriuci&#xF3;n del ingreso</subfield>
  </datafield>
  <datafield tag="100" ind1="1" ind2=" ">
    <subfield code="a">Lustig, Nora</subfield>
  </datafield>
  <datafield tag="773" ind1="0" ind2=" ">
    <subfield code="t">Demograf&#xED;a y econom&#xED;a</subfield>
    <subfield code="g">- Vol. X, N&#xBA; 30 (sep./dic. 1976)</subfield>
    <subfield code="w">REV13200</subfield>
  </datafield>
  <datafield tag="999" ind1=" " ind2=" ">
    <subfield code="c">26714</subfield>
    <subfield code="d">26714</subfield>
  </datafield>
</record>
